Cultura general #24 - Estadísticas

Estadísticas generales
  • Esta prueba ha sido intentada 3.835 veces
  • La puntuación promedio es 12 de 20
Estadísticas de respuestas
Pregunta Respuesta % Correcto
¿De qué película es la canción «Hakuna matata»? El Rey León
96%
Según la superstición, ¿qué tipo de gato trae mala suerte al cruzársete? Gato {negro}
93%
¿En que "estilo de vida" se rechaza el uso de todos los productos de origen animal? Veganismo
88%
¿De qué ciudad toma el nombre de un cultivo de coles? Coles de {Bruselas}
82%
¿Qué sistema de numeración solamente utiliza el cero y el uno? Sistema binario
80%
¿En qué isla de encuentra el volcán Teide? Tenerife
78%
Incluyendo la bola de tiro, ¿cuántas bolas se utilizan en Bola 8? 16
65%
¿Qué civilización precolombino tuvo el sistema de escritura más desarrollado? Cultura maya
64%
¿Con qué nombre actualmente se denomina el maxilar inferior? Mandíbula
64%
¿Qué país tiene 3 capitales? Sudáfrica
61%
¿Cuál es el nombre más común de monóxido de dihidrógeno? Agua
57%
¿En qué película de los años 80 aparece un fantasma verde llamado Moquete/Slimer? Los cazafantasmas
57%
En la mayoría de los países, ¿qué forma tiene un señal de «pare»​ (un stop)? Octágono
57%
¿Quién escribió El Señor de los Anillos? J. R. R. Tolkien
56%
¿En qué ciudad nació Muhámmad/Mahoma? La Meca
56%
¿Qué canciller lideró la unificación alemana en el siglo XIX? Otto von Bismarck
43%
Según leyenda, ¿con quién se casó la reina Ginebra? Rey Arturo
35%
¿Qué sombrero tradicional es típico de los toreros españoles? M{ontera}
25%
¿Qué simboliza el arpa de oro en el escudo del Reino Unido? Irlanda
22%
¿De qué filántropa coruñesa viene el nombre del trofeo de un famoso torneo de verano? Teresa Herrera
13%
No se encontraron pruebas coincidentes
Distribución de puntuación
Porcentaje de gente con cada puntuación
Porcentaje por número respondido
Historial de tus puntuaciones
No has intentado esta prueba.